Causalidad en economía (Registro nro. 5073)
[ vista simple ]
| 000 -LEADER | |
|---|---|
| fixed length control field | 00984 a2200217 4500 |
| 001 - CONTROL NUMBER | |
| control field | 53086 |
| 005 - DATE AND TIME OF LATEST TRANSACTION | |
| control field | 20260407155804.0 |
| 008 - FIXED-LENGTH DATA ELEMENTS--GENERAL INFORMATION | |
| fixed length control field | 260407a1981 arg spa d |
| 003 - CONTROL NUMBER IDENTIFIER | |
| control field | AR-UNSa-BCEJYS |
| 040 ## - CATALOGING SOURCE | |
| Original cataloging agency | AR-UNSa-BCEJYS |
| Language of cataloging | spa |
| Transcribing agency | AR-UNSa-BCEJYS |
| 080 ## - UNIVERSAL DECIMAL CLASSIFICATION NUMBER | |
| Universal Decimal Classification number | 330.1 |
| Common auxiliary subdivision | Ciencia económica. Conceptos fundamentales de teoría económica. Valor. Capital. Fondos |
| 041 ## - LANGUAGE CODE | |
| Language code of text/sound track or separate title | spa |
| 100 1# - MAIN ENTRY--PERSONAL NAME | |
| Personal name | Hicks, John Richard |
| 245 10 - TITLE STATEMENT | |
| Title | Causalidad en economía |
| 264 #1 - PRODUCTION, PUBLICATION, DISTRIBUTION, MANUFACTURE, AND COPYRIGHT NOTICE | |
| Place of production, publication, distribution, manufacture | Buenos Aires : |
| Name of producer, publisher, distributor, manufacturer | Tesis |
| Date of production, publication, distribution, manufacture, or copyright notice | 1981 |
| 300 ## - PHYSICAL DESCRIPTION | |
| Extent | 184 p. |
| Dimensions | 20 cm. |
| 505 ## - FORMATTED CONTENTS NOTE | |
| Formatted contents note | 1. ¿Porqué Economía? - 2. Los tipos de causalidad - 3. Teoría y aplicación - 4. "Estática" y "Equlibrio" - 5. Causalidad contemporánea stocks y flujos - 6. Causalidad contemporánea en Keynes - 7. Causalidad secuencial intervalos y reservas - 8. Probablidad y juicio |
| 590 ## - LOCAL NOTE (RLIN) | |
| Local note | niveau_biblio:m niveau_hierar:0 |
| 856 41 - ELECTRONIC LOCATION AND ACCESS | |
| Uniform Resource Identifier | <a href="https://www.biblioeco.unsa.edu.ar/pmb/images/libros/L128291.jpg">https://www.biblioeco.unsa.edu.ar/pmb/images/libros/L128291.jpg</a> |
| Link text | Imagen de portada |
| Electronic format type | image/jpeg |
| 942 ## - ADDED ENTRY ELEMENTS (KOHA) | |
| Koha item type | |
| Withdrawn status | Lost status | Damaged status | Not for loan | Home library | Current library | Shelving location | Date acquired | Total checkouts | Full call number | Barcode | Date last seen | Price effective from | Koha item type |
|---|---|---|---|---|---|---|---|---|---|---|---|---|---|
| Biblioteca Prof. Eusebio Cleto del Rey | Biblioteca Prof. Eusebio Cleto del Rey | 07/04/2026 | 330.1 H631 | L44376 | 07/04/2026 | 07/04/2026 | Libro | ||||||
| Biblioteca Prof. Eusebio Cleto del Rey | Biblioteca Prof. Eusebio Cleto del Rey | 07/04/2026 | 330.1 H631 | L44377 | 07/04/2026 | 07/04/2026 | Libro | ||||||
| Biblioteca Prof. Eusebio Cleto del Rey | Biblioteca Prof. Eusebio Cleto del Rey | 07/04/2026 | 330.1 H631 | L128291 | 07/04/2026 | 07/04/2026 | Libro |